000 00460cam a2200145 4500500
005 20251012010834.0
041 _afre
042 _adc
100 1 0 _ade Gaudemar, Martine
_eauthor
245 0 0 _aLe Dernier stade de la soif
260 _c2011.
500 _a58
786 0 _nPhilosophie magazine | 48 | 4 | 2011-04-01 | p. 60-61 | 1951-1787
856 4 1 _uhttps://shs.cairn.info/magazine-philosophie-magazine-2011-4-page-60?lang=fr&redirect-ssocas=7080
999 _c1520809
_d1520809